000 00527nam a2200193Ia 4500
008 170918s9999 xx 000 0 und d
020 _a9780545934268
050 _bA399wi 2015
100 _aAlifirenka, Caitlin
245 _aI will always write back :
245 _bhow one letter changed two lives /
245 _cby Caitlin Alifirenka and Martin Ganda with Liz Welch.
260 _aNew York :
260 _bScholastic,
260 _c2015
300 _a400 pages :
300 _billustrations ;
300 _c19cm.
999 _c344336
_d344336